El juego del revés / (Record no. 166362)

MARC details
000 -LEADER
fixed length control field 00584nam a22001937a 4500
005 - DATE AND TIME OF LATEST TRANSACTION
control field 20230421175041.0
008 - FIXED-LENGTH DATA ELEMENTS--GENERAL INFORMATION
fixed length control field 230227b sp ||||| |||| 00| 0 spa d
020 ## - INTERNATIONAL STANDARD BOOK NUMBER
International Standard Book Number 843393077X
050 04 - LIBRARY OF CONGRESS CALL NUMBER
Classification number PQ4480.A33
Item number T33 1997
100 1# - MAIN ENTRY--PERSONAL NAME
Personal name Tabucchi, Antonio
240 ## - UNIFORM TITLE
Uniform title Il gioco del rovescio
245 13 - TITLE STATEMENT
Title El juego del revés /
Statement of responsibility, etc Antonio Tabucchi ; traducción de Carmen Artal
250 ## - EDITION STATEMENT
Edition statement 4a ed.
260 ## - PUBLICATION, DISTRIBUTION, ETC. (IMPRINT)
Place of publication, distribution, etc Barcelona :
Name of publisher, distributor, etc Anagrama,
Date of publication, distribution, etc 1997
300 ## - PHYSICAL DESCRIPTION
Extent 152 p. ;
Dimensions 20 cm.
490 0# - SERIES STATEMENT
Series statement Panorama de narrativas ;
Volume number/sequential designation 77
600 1# - SUBJECT ADDED ENTRY--PERSONAL NAME
Personal name Tabucchi, Antonio,
Dates associated with a name 1943-2012
942 ## - ADDED ENTRY ELEMENTS (KOHA)
Source of classification or shelving scheme Biblioteca del Cogreso de los Estados Unidos
Koha item type Libro
Holdings
Estado de pérdida Fuente de clasificación Estado del daño No para préstamo Ubicación permanente Ubicación actual Apartado o colección Fecha de adquisición Fuente de adquisición Edición Dependencia de educación superior (DES) Área del conocimiento Total Checkouts Clasificación Código de Barras Date last seen Número de copia Costo por reposición Tipo de recurso
  Biblioteca del Cogreso de los Estados Unidos     Biblioteca de la Facultad de Filosofía Biblioteca de la Facultad de Filosofía General 27/02/2023 Donación 4a ed. Humanidades Educación y Humanidades   PQ4480.A33 T33 1997 BFF000039200 27/02/2023 C:1 1.00 Libro